000 00924nam a22001935i 4500
001 164869
003 ES-MaACL
005 20230906213025.0
008 990308s1882 it |||| | ita d
040 _aCCPB | B
_bspa
_cCCPB | B
100 1 _aScaduto, Francesco.
_9132522
245 1 0 _aStato e Chiesa negli scritti politici dalla fine della lotta per le investiture sino alla morte di Ludovico il Bavaro (1122-1347) /
_cstudio storico di Francesco Scaduto.
260 _aFirenze :
_b[s.n.],
_c1882 (
_fSuccessori Le Monnier)
300 _aIV, 148, [2] ;
_c27 cm.
490 1 _aPubblicazioni del R. Istituto di Studi Superiori Pratici e di Perfezionamento in Firenze. Sezione di Filosofia e Filologia
830 0 _aPubblicazioni del R. Istituto di Studi Superiori Pratici e di Perfezionamento in Firenze. Sezione di Filosofia e Filologia
_9188503
852 _aES-MaACL
_jG-12263
_z-- RĂºst.
999 _c164869
_d164869